| 000 | 00689nam a2200217Ia 4500 | ||
|---|---|---|---|
| 001 | 5066 | ||
| 003 | GE_BSU | ||
| 008 | 181216s||||||||xx |||||||||||||| ||und|| | ||
| 040 | _cGE_BSU | ||
| 080 | _a621.373.1 | ||
| 100 | _aЯкушев,А.И. | ||
| 245 | _aОсновы взаимозаменяемости и технические измерения | ||
| 245 | _cРед. Е.И.Володин | ||
| 260 | _aМосква | ||
| 260 | _bМашгиз | ||
| 260 | _c1959 | ||
| 300 | _a375стр.с илл. 22см. | ||
| 300 | _eБиблиогр. стр. 369-370 | ||
| 653 | _aОсновы взаимозаменяемости и технические измерения | ||
| 942 | _cBK | ||
| 999 |
_c38749 _d38749 |
||